Land vs. Land #7 - Statistiken

Allgemein
  • Dieses Quiz wurde 87 mal gespielt
  • Das Durchschnittsergebnis liegt bei 11 aus 14
Antwortstatistiken
Frage Antwort % Korrekt
...Einwohner? Dänemark🇩🇰
100%
...Fläche? Dänemark🇩🇰
99%
...Militär? Dänemark🇩🇰
98%
...Exportmengen? Dänemark🇩🇰
95%
...Gewinner? Dänemark🇩🇰
95%
...Bruttoinlandsprodukt? Dänemark🇩🇰
93%
...Tourismus? Dänemark🇩🇰
93%
...Gesundheitswesen? Dänemark🇩🇰
93%
...durchschnittlicher IQ? Dänemark🇩🇰
84%
...HDI (Human Development Index)? Dänemark🇩🇰
83%
...Happy Planet Index? Dänemark🇩🇰
79%
...Bruttoinlandsprodukt pro Kopf? Dänemark🇩🇰
54%
...Frieden? Dänemark🇩🇰
44%
...Lebenserwartung? Andorra🇦🇩
26%
Keine übereinstimmenden Quizze gefunden
Verteilung der Resultate
Anzahl Personen mit jedem Resultat
Perzentil nach korrekt beantworteten Fragen
Ihre Resultats-Entwicklung
Sie haben dieses Quiz noch nicht gespielt